00422nam a2200157Ia 45000010006000000050017000060080041000230410008000640820016000721000022000882450101001102600009002113000028002206500008002486540008002561332720260306164753.0260306t2010||||xx |||||||||||||| ||spa|| aESP a001.42bS19 aSamaja. JuaneAUT 0aEpistemología y metodología:bElementos para una teoría de la investigación científica c2010 a414 páginas :c23 cm. aGEN aCHU